Osud Detroitu Slovensku nehrozí

Pád automobilového priemyslu v Belgicku. Prečo nemožno slovenský či belgický automobilový priemysel porovnávať s americkým Detroitom. Slovensko na ceste nahor. Ako nepadnúť. Kľúčoví dodávatelia. Slovenskí vývojári. Produkcia automobilového priemyslu v SR (2008-2012).

Salvato in:
Dettagli Bibliografici
Autore principale: Jesný, Martin
Natura: Capitolo di libro
Lingua:slovacco
Soggetti:
Tags: Aggiungi Tag
Nessun Tag, puoi essere il primo ad aggiungerne!!

MARC

LEADER 00000naa a2200000 4500
001 0183549
005 20231113100811.9
041 0 |a slo 
044 |a SK 
245 1 0 |a Osud Detroitu Slovensku nehrozí  |c Martin Jesný 
520 |a Pád automobilového priemyslu v Belgicku. Prečo nemožno slovenský či belgický automobilový priemysel porovnávať s americkým Detroitom. Slovensko na ceste nahor. Ako nepadnúť. Kľúčoví dodávatelia. Slovenskí vývojári. Produkcia automobilového priemyslu v SR (2008-2012). 
610 2 0 |a priemysel automobilový 
610 2 0 |a automobily osobné 
610 2 0 |a výroba 
610 2 0 |a vývoj 
610 2 0 |a Slovensko 
610 2 0 |a Belgicko 
100 1 |a Jesný, Martin